The Psychological record
Vols. 1-5 consist of monographs.
| Corporate Authors: | , |
|---|---|
| Other Authors: | |
| Format: | Electronic Journal |
| Language: | English |
| Published: |
Granville, Ohio :
Denison University
|
| Subjects: | |
| Online Access: | Full text available from Research Library: 01/01/1994 to 12/31/2014 Full text available from Research Library: 09/01/2017 to 1 year ago |
MARC
| LEADER | 00000nas a2200000 a 4500 | ||
|---|---|---|---|
| 001 | ssj0001407 | ||
| 003 | WaSeSS | ||
| 005 | 20200512172242.0 | ||
| 006 | m d | ||
| 007 | cr n | ||
| 008 | 050614c19379999ohuqr p s 0 a0eng | ||
| 010 | |a 2011200859 | ||
| 016 | 7 | |a 017371764 |2 Uk | |
| 022 | |a 2163-3452 |y 0033-2933 | ||
| 035 | |a (WaSeSS)ssj0001407 | ||
| 040 | |a OCLCS |b eng |c OCLCS |d OCLCG |d AUD |d OCLCQ |d CO3 |d OCLCQ |d OCLCE |d DLC |d OCLCQ |d OCLCF |d OCLCA |d OCLCO |d OCLCQ |d OCLCO |d OCLCQ |d REB |d OCLCO |d APUMS |d AU@ |d OCLCO |d WYU |d UKMGB |d OCLCO |d VT2 |d OCLCO |d U3W |d CNTRU |d OCLCO |d DLC |d OCLCA |d WaSeSS | ||
| 042 | |a pcc |a nsdp | ||
| 050 | 0 | 0 | |a BF1 |
| 060 | 4 | |a W1 |b PS632 | |
| 082 | 1 | 0 | |a 150.5 |a 159.905 |2 14 |
| 130 | 0 | |a Psychological record (Online) | |
| 222 | 0 | |a Psychological record |b (Online) | |
| 245 | 1 | 4 | |a The Psychological record |h [electronic resource]. |
| 260 | |a Granville, Ohio : |b Denison University | ||
| 310 | |a Quarterly, |b <Jan. 1957-> | ||
| 321 | |a Irregular, |b 1937- | ||
| 362 | 1 | |a Print began with v. 1 in Mar. 1937. | |
| 500 | |a Editor: 1937-<Dec. 1937> J.R. Kantor. | ||
| 504 | |a Most numbers include bibliographies. | ||
| 506 | |a License restrictions may limit access. | ||
| 515 | |a Suspended 1946-55. | ||
| 515 | |a Vol. 5 covers years 1942-1945. | ||
| 520 | |a Vols. 1-5 consist of monographs. | ||
| 538 | |a Mode of access: World Wide Web. | ||
| 588 | |a Description based on: Vol. 50, issue 1 (winter 2000); title from banner (Southern Illinois University Carbondale website, viewed Sept. 1, 2011). | ||
| 588 | |a Latest issue consulted: Vol. 69, issue 1 (Mar. 2019); (SpringerLink, viewed May 14, 2019). | ||
| 650 | 0 | |a Psychology |v Periodicals. | |
| 650 | 6 | |a Psychologie |v Périodiques. | |
| 650 | 7 | |a Psychology. |2 fast |0 (OCoLC)fst01081447 | |
| 650 | 1 | 7 | |a Psychologie. |2 gtt |
| 650 | 2 | |a Psychology |v Periodicals. | |
| 650 | 2 | |a Psychology, Experimental |v Periodicals. | |
| 655 | 0 | |a Electronic journals. | |
| 700 | 1 | |a Kantor, J. R. |q (Jacob Robert), |d 1888-1984. | |
| 710 | 2 | |a Denison University. | |
| 710 | 2 | |a Springer (Firm) | |
| 776 | 1 | |t Psychological record |x 0033-2933 |w (DLC) 39025424 |w (OCoLC)1353882 | |
| 850 | |a DLC | ||
| 856 | 4 | 0 | |z Full text available from Research Library: 01/01/1994 to 12/31/2014 |u https://search.proquest.com/publication/41800 |
| 856 | 4 | 0 | |z Full text available from Research Library: 09/01/2017 to 1 year ago |u https://search.proquest.com/publication/41800 |